000 00431nam a2200181Ia 4500
001 23151
005 20260414150918.0
008 260414t2016||||xx |||||||||||||| ||spa||
041 _aESP
082 _a624.2
_bG88
100 _aGuevara Álvarez, María Elvira
_eAUT
245 0 _aSocavación en puentes
_b
260 _c2016
300 _a542 páginas :
_c24 cm.
650 _a0
654 _aCIC
942 _cLIB
_dJUS
_fJUS
_2ddc
_n
999 _c23151
_d23151